Geography Quiz

Random Geography or State Quiz

State Capitals vs. Largest Cities II Quiz Stats

 Plays Quiz not verified by Sporcle

Score 0/17 Timer 05:00
0 Plays Today
Capital/Largest City % Correct
Boise
95.7%
Denver
95.7%
Indianapolis
95.7%
Phoenix
95.7%
Cheyenne
91.3%
Columbus
91.3%
Des Moines
91.3%
Jackson
91.3%
Providence
91.3%
Capital/Largest City % Correct
Atlanta
87%
Boston
87%
Charleston
87%
Honolulu
87%
Little Rock
87%
Oklahoma City
87%
Salt Lake City
87%
Nashville
80%

You're not logged in!

Compare scores with friends on all Sporcle quizzes.
OR
Log In

Sporcle TV

Today on Sporcle TV


Watch our educational content, quiz creation guides, and fun videos on Sporcle TV.

Show Comments

Extras

Top Quizzes Today


Score Distribution

Your Account Isn't Verified!

In order to create a playlist on Sporcle, you need to verify the email address you used during registration. Go to your Sporcle Settings to finish the process.

Report this User

Report this user for behavior that violates our Community Guidelines.

Details: